Statistics for Spanish Translations of Kpop Band Names

Click here to take the quiz!

General Stats

  • This quiz has been taken 559 times
  • The average score is 14 of 28

Answer Stats

SpanishEnglish% Correct
Súper JúniorSuper Junior
95%
InfinitoInfinite
91%
IconoIkon
87%
Cuatro Minuto4Minute
81%
Generación de las ChicasGirl's Generation
78%
Señorita AMiss A
77%
Día de las ChicasGirl's Day
65%
DiecisieteSeventeen
60%
HermanaSistar
60%
Monstruo EquisMonsta X
59%
Tengo SieteGot7
55%
BestiaBeast
52%
Equis OEXO
50%
Dos Pe Eme2PM
48%
Dos VecesTwice
48%
Efe de EquisF(x)
46%
GanadorWinner
44%
A RosadoAPink
43%
Chicos a Prueba de BalasBangtan Boys
42%
BrillanteShinee
41%
Terciopelo RojoRed Velvet
39%
Gran EstrépitoBig Bang
30%
Experta de los ÁngelesAce of Angels
27%
Mejor Absoluto PerfectoBest Absolute Perfect
24%
Más NuevoNu'est
24%
DiademaT-Ara
14%
A Cualquier Persona2NE1
13%
Manzana BeBlock B
11%

Score Distribution

Percentile by Number Answered

Percent of People with Each Score

Your Score History

You have not taken this quiz